<?xml version="1.0" encoding="UTF-8"?>
<record
    xmlns:xsi="http://www.w3.org/2001/XMLSchema-instance"
    xsi:schemaLocation="http://www.loc.gov/MARC21/slim http://www.loc.gov/standards/marcxml/schema/MARC21slim.xsd"
    xmlns="http://www.loc.gov/MARC21/slim">

  <leader>00789nam a22001577a 4500</leader>
  <controlfield tag="003">OSt</controlfield>
  <controlfield tag="005">20161031153546.0</controlfield>
  <controlfield tag="008">161031b        xxu||||| |||| 00| 0 eng d</controlfield>
  <datafield tag="040" ind1=" " ind2=" ">
    <subfield code="c">RUA</subfield>
  </datafield>
  <datafield tag="082" ind1=" " ind2=" ">
    <subfield code="a">FOR IM 2015 B524 Or.</subfield>
  </datafield>
  <datafield tag="100" ind1=" " ind2=" ">
    <subfield code="9">11044</subfield>
    <subfield code="a">IM VATHANAK; &#x17A2;&#x17B9;&#x17BB;&#x1798; &#x179C;&#x178C;&#x17D2;&#x1783;&#x1793;&#x17C8;</subfield>
  </datafield>
  <datafield tag="245" ind1=" " ind2=" ">
    <subfield code="a">Study on the assessment of the hydropower dam's impacts on eco-tourism area in toekchhuo district, kampot province; &#x179F;&#x17B7;&#x1780;&#x17D2;&#x179F;&#x17B6;&#x17A2;&#x17C6;&#x1796;&#x17B8;&#x1780;&#x17B6;&#x179A;&#x179C;&#x17B6;&#x1799;&#x178F;&#x1798;&#x17D2;&#x179B;&#x17C3;&#x1795;&#x179B;&#x1794;&#x17C9;&#x17C7;&#x1796;&#x17B6;&#x179B;&#x17CB;&#x1793;&#x17C3;&#x1791;&#x17C6;&#x1793;&#x1794;&#x17CB;&#x1791;&#x17B9;&#x1780;&#x179C;&#x17B6;&#x179A;&#x17B8;&#x17A2;&#x1782;&#x17D2;&#x1782;&#x17B8;&#x179F;&#x1793;&#x17B8;&#x1791;&#x17C5;&#x179B;&#x17BE;&#x178F;&#x17C6;&#x1794;&#x1793;&#x17CB;&#x17A2;&#x17C1;&#x1780;&#x17BC;&#x1791;&#x17C1;&#x179F;&#x1785;&#x179A;&#x178E;&#x17D0; &#x179F;&#x17D2;&#x179A;&#x17BB;&#x1780;&#x1791;&#x17B9;&#x1780;&#x1788;&#x17BC; &#x1781;&#x17C1;&#x178F;&#x17D2;&#x178F;&#x1780;&#x17C6;&#x1796;&#x178F;</subfield>
  </datafield>
  <datafield tag="260" ind1=" " ind2=" ">
    <subfield code="a">Phnom Penh</subfield>
    <subfield code="b">RUA</subfield>
    <subfield code="c">2015</subfield>
  </datafield>
  <datafield tag="300" ind1=" " ind2=" ">
    <subfield code="a">viii; 33p.</subfield>
    <subfield code="b">ill.</subfield>
    <subfield code="c">29cm.</subfield>
  </datafield>
  <datafield tag="942" ind1=" " ind2=" ">
    <subfield code="2">ddc</subfield>
    <subfield code="c">FOR</subfield>
  </datafield>
  <datafield tag="999" ind1=" " ind2=" ">
    <subfield code="c">10629</subfield>
    <subfield code="d">10629</subfield>
  </datafield>
  <datafield tag="952" ind1=" " ind2=" ">
    <subfield code="0">0</subfield>
    <subfield code="1">0</subfield>
    <subfield code="2">ddc</subfield>
    <subfield code="4">0</subfield>
    <subfield code="6">FOR_IM_2015_000000000000000_B524_OR_1</subfield>
    <subfield code="7">0</subfield>
    <subfield code="9">55143</subfield>
    <subfield code="a">LBB</subfield>
    <subfield code="b">LBB</subfield>
    <subfield code="c">B524</subfield>
    <subfield code="d">2016-10-31</subfield>
    <subfield code="o">FOR IM 2015 B524 Or.1</subfield>
    <subfield code="p">RUA062188</subfield>
    <subfield code="r">2016-10-31</subfield>
    <subfield code="w">2016-10-31</subfield>
    <subfield code="y">FOR</subfield>
  </datafield>
  <datafield tag="952" ind1=" " ind2=" ">
    <subfield code="0">0</subfield>
    <subfield code="1">0</subfield>
    <subfield code="2">ddc</subfield>
    <subfield code="4">0</subfield>
    <subfield code="6">FOR_IM_2015_000000000000000_B524_OR_2</subfield>
    <subfield code="7">0</subfield>
    <subfield code="9">55144</subfield>
    <subfield code="a">LBB</subfield>
    <subfield code="b">LBB</subfield>
    <subfield code="c">B524</subfield>
    <subfield code="d">2016-10-31</subfield>
    <subfield code="o">FOR IM 2015 B524 Or.2</subfield>
    <subfield code="p">RUA061745</subfield>
    <subfield code="r">2016-10-31</subfield>
    <subfield code="w">2016-10-31</subfield>
    <subfield code="y">FOR</subfield>
  </datafield>
  <datafield tag="952" ind1=" " ind2=" ">
    <subfield code="0">0</subfield>
    <subfield code="1">0</subfield>
    <subfield code="2">ddc</subfield>
    <subfield code="4">0</subfield>
    <subfield code="6">FOR_IM_2015_000000000000000_B524_OR_3</subfield>
    <subfield code="7">0</subfield>
    <subfield code="9">55145</subfield>
    <subfield code="a">LBB</subfield>
    <subfield code="b">LBB</subfield>
    <subfield code="c">B524</subfield>
    <subfield code="d">2016-10-31</subfield>
    <subfield code="o">FOR IM 2015 B524 Or.3</subfield>
    <subfield code="p">RUA062062</subfield>
    <subfield code="r">2017-08-07</subfield>
    <subfield code="w">2016-10-31</subfield>
    <subfield code="y">FOR</subfield>
  </datafield>
  <datafield tag="952" ind1=" " ind2=" ">
    <subfield code="0">0</subfield>
    <subfield code="1">0</subfield>
    <subfield code="2">ddc</subfield>
    <subfield code="4">0</subfield>
    <subfield code="6">FOR_IM_2015_000000000000000_B524_OR_4</subfield>
    <subfield code="7">0</subfield>
    <subfield code="9">55146</subfield>
    <subfield code="a">LBB</subfield>
    <subfield code="b">LBB</subfield>
    <subfield code="c">B524</subfield>
    <subfield code="d">2016-10-31</subfield>
    <subfield code="o">FOR IM 2015 B524 Or.4</subfield>
    <subfield code="p">RUA062047</subfield>
    <subfield code="r">2016-10-31</subfield>
    <subfield code="w">2016-10-31</subfield>
    <subfield code="y">FOR</subfield>
  </datafield>
  <datafield tag="952" ind1=" " ind2=" ">
    <subfield code="0">0</subfield>
    <subfield code="1">0</subfield>
    <subfield code="2">ddc</subfield>
    <subfield code="4">0</subfield>
    <subfield code="6">FOR_IM_2015_000000000000000_B524_OR_5</subfield>
    <subfield code="7">0</subfield>
    <subfield code="9">55147</subfield>
    <subfield code="a">LBB</subfield>
    <subfield code="b">LBB</subfield>
    <subfield code="c">B524</subfield>
    <subfield code="d">2016-10-31</subfield>
    <subfield code="o">FOR IM 2015 B524 Or.5</subfield>
    <subfield code="p">RUA062043</subfield>
    <subfield code="r">2016-10-31</subfield>
    <subfield code="w">2016-10-31</subfield>
    <subfield code="y">FOR</subfield>
  </datafield>
  <datafield tag="952" ind1=" " ind2=" ">
    <subfield code="0">0</subfield>
    <subfield code="1">0</subfield>
    <subfield code="2">ddc</subfield>
    <subfield code="4">0</subfield>
    <subfield code="6">FOR_IM_2015_000000000000000_B524_OR_6</subfield>
    <subfield code="7">0</subfield>
    <subfield code="9">55148</subfield>
    <subfield code="a">LBB</subfield>
    <subfield code="b">LBB</subfield>
    <subfield code="c">B524</subfield>
    <subfield code="d">2016-10-31</subfield>
    <subfield code="o">FOR IM 2015 B524 Or.6</subfield>
    <subfield code="p">RUA062184</subfield>
    <subfield code="r">2016-10-31</subfield>
    <subfield code="w">2016-10-31</subfield>
    <subfield code="y">FOR</subfield>
  </datafield>
  <datafield tag="952" ind1=" " ind2=" ">
    <subfield code="0">0</subfield>
    <subfield code="1">0</subfield>
    <subfield code="2">ddc</subfield>
    <subfield code="4">0</subfield>
    <subfield code="6">FOR_IM_2015_000000000000000_B524_OR_7</subfield>
    <subfield code="7">0</subfield>
    <subfield code="9">55149</subfield>
    <subfield code="a">LBB</subfield>
    <subfield code="b">LBB</subfield>
    <subfield code="c">B524</subfield>
    <subfield code="d">2016-10-31</subfield>
    <subfield code="o">FOR IM 2015 B524 Or.7</subfield>
    <subfield code="p">RUA061987</subfield>
    <subfield code="r">2016-10-31</subfield>
    <subfield code="w">2016-10-31</subfield>
    <subfield code="y">FOR</subfield>
  </datafield>
  <datafield tag="952" ind1=" " ind2=" ">
    <subfield code="0">0</subfield>
    <subfield code="1">0</subfield>
    <subfield code="2">ddc</subfield>
    <subfield code="4">0</subfield>
    <subfield code="6">FOR_IM_2015_000000000000000_B524_OR</subfield>
    <subfield code="7">0</subfield>
    <subfield code="9">55150</subfield>
    <subfield code="a">LBB</subfield>
    <subfield code="b">LBB</subfield>
    <subfield code="c">B524</subfield>
    <subfield code="d">2016-10-31</subfield>
    <subfield code="o">FOR IM 2015 B524 Or.</subfield>
    <subfield code="p">RUA062192</subfield>
    <subfield code="r">2016-10-31</subfield>
    <subfield code="w">2016-10-31</subfield>
    <subfield code="y">FOR</subfield>
  </datafield>
</record>
